000 01234nam0a22002891 4500
001 rc\1016046
005 20041129102407.1
035 _a(NLR Aleph) 006181238
090 _a6067856
_c6067856
100 _a20041129d1981 u |0rusy50 ca
101 0 _arus
102 _aRU
105 _aa |||||||||
200 1 _aМедицинская электронная аппаратура для здравоохранения
_f[Л. Кромвелл, М. Ардитти, Ф. Вейбелл и др.]
_gПеревод с англ. М.К. Размахнина
_gПод ред. Р.И. Утямышева
210 _aМ.
_cРадио и связь
_d1981
215 _a344 с.
_cил.
_d22
300 _aПеревод изд.: Medical instrumentation for health care / Leslie Cromwell, Mort Arditti, Fred J. Weibell et al. (Englewood Cliffs, N. J.)
300 _aАвт. указаны на 8-й с.
320 _aБиблиогр.: с. 331-335
320 _aПредм. указ.: с. 338-341
701 1 _aКромвелл
_bЛ.
_gЛесли
702 1 _aУтямышев
_bР. И.
_gРустам Исмаилович
_4340
801 0 _aRU
_bNLR
_gpsbo
801 1 _aRU
_bELAR
_2rusmarc
852 _aNLR
_j81-5/6818
942 _cBOOK
980 _aNB